000 00988nam a2200265 a 4500
001 BRCA_5163
005 20190320204951.0
008 231110c1800----mx-######v---#000-0#spa-#
041 _aspa
044 _amx
084 _aDOC121
_b.A59
_c[1800]
100 1 _aAnza, Marcelo José de
_913207
245 1 0 _aDocumento de Don Marcelo José de Anza
_cMarcelo José de Anza.
260 _aMéxico
_c[1800]
300 _a[1] foja
_c31 x 22 cm
500 _aRazón de las escrituras y dependencia de Don Marcelo José Anza
500 _aEl documento contiene la leyenda DOC. #289
500 _aEstado de conservación: contiene acidificación, rasgaduras y deterioro en los márgenes
506 0 _aFondo reservado: para su consulta es necesario credencial de usuario y carta de motivos
546 _aTexto en: español del siglo XIX
600 1 4 _aAnza, Marcelo José de
_913207
650 1 4 _aDocumentos legales
_vManuscrito
_xHistoria
_zMéxico
_913208
902 _aFDH
942 _2lcc
_cD
999 _c4857
_d4857